| 000 | 00439nam a22001937a 4500 | ||
|---|---|---|---|
| 999 |
_c36168 _d36168 |
||
| 003 | OSt | ||
| 005 | 20220726153020.0 | ||
| 008 | 220726b ||||| |||| 00| 0 eng d | ||
| 020 | _a9789383154937 | ||
| 040 | _cMUIT | ||
| 100 | _aBHATIYA S K | ||
| 245 | _aEXPERIENTIAL LEARNING | ||
| 250 | _aFIRST | ||
| 260 |
_aNEW DELHI _bPARAGON PUBLISHERS _c2022 |
||
| 300 | _a261 | ||
| 650 | _aBHATIYA S K | ||
| 700 | _aBHATIYA S K | ||
| 942 | _cBK | ||